00000000nam##2200000za#4500
0019.616852
003CaOODSP
00520200327144357
007ta
008150406|2004||||xxc|||||     f|0| 0 eng|d
022 |a0706-6457
040 |aCaOODSP|beng
043 |an-cn---
0861 |aFs97-6/2529E
1101 |aCanada. |bDepartment of Fisheries and Oceans.
24510|aInput data and parameter estimates for ecosystem models of the southern Gulf of St. Lawrence (mid-1980s and mid-1990s) / |cby Claude Savenkoff et al.
260 |aOttawa - Ontario : |bFisheries and Oceans Canada |c2004.
300 |avi, 105p. : |bfigs., references, tables ; |c28 cm.
4901 |aCanadian technical report of fisheries and aquatic sciences|x0706-6457|v2529
546 |a(Résumé en français.)
563 |aSoftcover
590 |a04-17|b2004-04-23
69007|aTechnical reports|2gcpds
7201 |aSavenkoff, Claude
7760#|tInput data and parameter estimates for ecosystem models of the southern Gulf of St. Lawrence (mid-1980s and mid-1990s) / |w(CaOODSP)9.574112
830#0|aCanadian technical report of fisheries and aquatic sciences,|x0706-6457|v2529|w(CaOODSP)9.514691